مكتبة جامعة عجلون الوطنية

فهرس بحث المكتبة

ثقافة الصورة الفوتوغرافية : استشهادات وافكار ونماذج فوتوغرافية / (Record no. 33747)

MARC details
000 -LEADER
fixed length control field 00880nam a22002177a 4500
003 - CONTROL NUMBER IDENTIFIER
control field JO-AjAnu
005 - DATE AND TIME OF LATEST TRANSACTION
control field 20241019095242.0
008 - FIXED-LENGTH DATA ELEMENTS--GENERAL INFORMATION
fixed length control field 241019b jo ||||| |||| 00| 0 ara d
015 ## - NATIONAL BIBLIOGRAPHY NUMBER
Source 9789923407332
040 ## - CATALOGING SOURCE
Original cataloging agency JO-AjAnu
Language of cataloging ara
Transcribing agency JO-AjAnu
Modifying agency JO-AjAnu
Description conventions rda
041 ## - LANGUAGE CODE
Language code of text/sound track or separate title ara
Language code of original ara
050 ## - LIBRARY OF CONGRESS CALL NUMBER
Classification number TR145
Item number 2024
100 #1 - MAIN ENTRY--PERSONAL NAME
Personal name لعيبي، شاكر
Relator term مترجم
9 (RLIN) 66294
245 #0 - TITLE STATEMENT
Title ثقافة الصورة الفوتوغرافية : استشهادات وافكار ونماذج فوتوغرافية /
Statement of responsibility, etc. ترجمة شاكر لعيبي
250 ## - EDITION STATEMENT
Edition statement الطبعة الاولى
260 ## - PUBLICATION, DISTRIBUTION, ETC.
Place of publication, distribution, etc. عمان :
Name of publisher, distributor, etc. خطوط وظلال للنشر والتوزيع،
Date of publication, distribution, etc. 2024
300 ## - PHYSICAL DESCRIPTION
Extent 254 صفحة
504 ## - BIBLIOGRAPHY, ETC. NOTE
Bibliography, etc. note يحتوي على مراجع، يحتوي على صور فوتوغرافية
650 70 - SUBJECT ADDED ENTRY--TOPICAL TERM
Topical term or geographic name entry element التصوير الضوئي-تصوير فوتوغرافي
9 (RLIN) 66295
942 ## - ADDED ENTRY ELEMENTS (KOHA)
Source of classification or shelving scheme Library of Congress Classification
Koha item type Books
Suppress in OPAC No
Holdings
Withdrawn status Lost status Source of classification or shelving scheme Damaged status Not for loan Home library Current library Date acquired Total Checkouts Full call number Barcode Date last seen Price effective from Koha item type
    Library of Congress Classification     مكتبة جامعة عجلون الوطنية مكتبة جامعة عجلون الوطنية 19/10/2024   TR145 2024 a30081 19/10/2024 19/10/2024 Books